| 000 | 00542nam a22002057a 4500 | ||
|---|---|---|---|
| 003 | OSt | ||
| 005 | 20140310182830.0 | ||
| 008 | 130601t xxu||||| |||| 00| 0 eng d | ||
| 020 | _a0385318790 | ||
| 050 |
_aRC 406 _b.Sch399 1996 |
||
| 082 |
_aM 362.19683 _bSch9 1996 |
||
| 245 |
_aMorrie: in his own words _cSchwartz, Morrie |
||
| 260 |
_aNew York, N.Y. : _bDell Publishing, _cc1996. |
||
| 300 |
_axvi, 127 p. _c18 cm. |
||
| 521 | _aCollege Students | ||
| 526 | _c1210L-1700L | ||
| 541 | _j1 | ||
| 562 | _e1 | ||
| 942 |
_2lcc _cBK _kM |
||
| 999 |
_c16606 _d16606 |
||